Hungarian players in European Big Five (2000-) - Statistics

General Stats
  • This quiz has been taken 57 times
  • The average score is 17 of 57
Answer Stats
Ranking Player Positions Nationality Matches Goals (assists) Periods Clubs % Correct
10 Dominik Szoboszlai MF, FW 131 21 (24) 2021-2025
96%
2 Péter Gulácsi GK 246 0 (1) 2016-2025
94%
4 Willi Orban DF 228 26 (3) 2011-2012, 2016-2025
89%
1 Ádám Szalai FW 276 54 (18) 2009-2022
87%
47 Attila Szalai DF 7 0 (0) 2023-2024
87%
15 Milos Kerkez DF 66 2 (6) 2023-2025
87%
7 Roland Sallai MF, FW 159 21 (12) 2016-2017, 2018-2025
83%
8 Gábor Király GK 147 0 (1) 2000-2004, 2006-2007
64%
33 Bence Dárdai MF 21 1 (1) 2024-2025
57%
27 Márton Dárdai DF, MF 41 1 (2) 2020-2023
57%
3 Pál Dárdai MF 236 15 (11) 2000-2010
57%
45 Palkó Dárdai MF, FW 9 0 (0) 2017-2019
57%
6 Zoltán Gera MF 172 17 (12) 2004-2005, 2008-2014
55%
30 Ádám Bogdán GK 26 0 (0) 2010-2011, 2015-2016
47%
18 Ádám Nagy MF 51 1 (1) 2016-2019
47%
14 András Schäfer MF 70 3 (4) 2021-2025
43%
28 Botond Balogh DF 32 0 (1) 2020-2021, 2024-2025
36%
35 Norbert Balogh FW 20 0 (0) 2015-2017
36%
5 Szabolcs Huszti MF 180 40 (37) 2005-2008, 2012-2013, 2015-2017
36%
37 László Kleinheisler MF 18 1 (0) 2015-2017
34%
19 Zoltán Stieber MF, FW 50 6 (4) 2011-2012, 2014-2016
34%
17 Loïc Nego DF, MF, FW 59 0 (3) 2023-2025
30%
9 Tamás Hajnal MF 141 17 (27) 2007-2013
30%
11 Krisztián Lisztes MF 120 11 (17) 2000-2006
26%
39 Tamás Priskin FW 16 2 (0) 2006-2007
26%
25 Márton Fülöp GK 44 0 (0) 2007-2009, 2011-2012
23%
55 Bálint Bajner FW 1 0 (0) 2012-2013
21%
48 József Varga MF 6 0 (0) 2012-2013
21%
31 Ádám Lang DF 22 0 (0) 2016-2018
19%
43 Ferenc Horváth FW 9 0 (0) 2000-2001
17%
13 Krisztián Vadócz MF 71 8 (1) 2008-2011
17%
50 Krisztofer Horváth DF, FW 3 0 (0) 2019-2020
17%
42 Sándor Torghelle FW 12 0 (0) 2004-2005
17%
53 Antal Yaakobishvili DF 1 0 (0) 2023-2024
15%
41 Tamás Nikitscher DF, MF 13 0 (0) 2024-2025
15%
22 Vladimir Koman MF 46 2 (2) 2006-2007, 2009-2011
15%
24 Ádám Pintér DF, MF 44 0 (0) 2010-2013
13%
12 Imre Szabics FW 79 17 (4) 2003-2007
13%
29 Gergely Rudolf FW 30 3 (1) 2005-2006, 2010-2011
11%
26 Vilmos Sebők DF 44 3 (1) 2000-2003
11%
16 Vasile Miriuță MF 63 15 (21) 2000-2003
9%
20 Zsolt Lőw DF, MF 47 0 (0) 2002-2003, 2008-2010
9%
36 Ákos Buzsáky MF 18 2 (2) 2011-2012
6%
38 Péter Halmosi DF, MF 18 0 (0) 2008-2009
6%
32 Dániel Tőzsér MF 22 0 (1) 2012-2013
4%
21 János Mátyus DF 46 3 (1) 2000-2002
4%
44 Ottó Vincze MF 9 0 (0) 2001-2002
4%
57 Péter Kurucz GK 1 0 (0) 2009-2010
4%
40 Tamás Bódog DF 13 1 (0) 2004-2006
4%
23 Zoltán Szélesi DF 45 0 (0) 2006-2008
4%
46 Zsolt Laczkó DF 9 0 (0) 2010-2011
4%
34 Ádám Vass MF 20 0 (1) 2010-2011
2%
54 Attila Tököli FW 1 0 (0) 2005-2006
2%
56 Márk Kosznovszky MF 1 0 (0) 2020-2021
2%
49 Soma Novothny MF, FW 6 1 (0) 2021-2022
2%
51 András Gosztonyi MF 2 0 (0) 2009-2010
0%
52 Róbert Feczesin FW 2 0 (0) 2010-2011
0%
No matching quizzes found
Score Distribution
Percent of People with Each Score
Percentile by Number Answered
Your Score History
You have not taken this quiz